| 000 | 00833cam a22002653a 4500 | ||
|---|---|---|---|
| 001 | 30952 | ||
| 003 | PGUSA | ||
| 005 | 20140828083653.0 | ||
| 008 | 100113s2010||||xxu|||||s|||||000 1 eng d | ||
| 040 |
_aPGUSA _beng |
||
| 042 | _adc | ||
| 050 | 4 | _aPZ | |
| 100 | 1 |
_aFoster, W. Bert _q(Walter Bertram), _d1869- |
|
| 245 | 1 | 0 |
_aWith Ethan Allen at Ticonderoga _h[electronic resource] / _cW. Bert Foster |
| 260 |
_bProject Gutenberg, _c2010 |
||
| 506 | _aPublic domain in the USA. | ||
| 516 | _aElectronic text | ||
| 653 | _aFort Ticonderoga (N.Y.) -- Capture, 1777 -- Juvenile fiction | ||
| 653 | _aHistorical fiction | ||
| 653 | _aAllen, Ethan, 1738-1789 -- Juvenile fiction | ||
| 700 | 1 |
_aCarter, F. A. _q(Freeland A.) |
|
| 830 | 0 |
_aProject Gutenberg _v30952 |
|
| 856 | 4 | 0 | _uhttp://www.gutenberg.org/ebooks/30952 |
| 942 | _cEB | ||
| 999 |
_c260207 _d260207 |
||